000 00232nam a2200109Ia 4500
005 20251222144920.0
008 251222s9999||||xx |||||||||||||| ||spa||
082 _a005.43/I59
245 0 _aWindows 98
264 _bINEI
942 _cLIB
999 _c22699
_d22699